[Event "Porto Alegre op"]
[Site "Porto Alegre"]
[Date "2012.09.09"]
[Round "7"]
[White "Mendonca, Paulo Renato Trisch"]
[Black "Pereira, Armando Scharlau"]
[Result "1/2-1/2"]
[WhiteElo "1800"]
[BlackElo "1705"]
[PlyCount "118"]
[EventDate "2012.09.06"]
[EventType "swiss"]
[EventRounds "7"]
[EventCountry "BRA"]
[SourceTitle "CBM 150 Extra"]
[Source "ChessBase"]
[SourceDate "2012.10.19"]
[SourceVersion "1"]
[SourceVersionDate "2012.10.19"]
[SourceQuality "1"]

1. e4 e6 2. Nf3 d5 3. exd5 exd5 4. d4 Nf6 5. Be2 Be7 6. 0-0 0-0 7. h3 Nbd7 8. c4 c6 9. c5 Ne4 10. Bd3 f5 11. Bf4 Ndf6 12. Ne5 g5 13. Bh2 Ne8 14. f3 N4f6 15. Qc2 Ng7 16. Nc3 Nd7 17. g4 Bf6 18. Rae1 Nxe5 19. Bxe5 Bxe5 20. Rxe5 Qf6 21. Kg2 h6 22. b4 Bd7 23. b5 Kh8 24. a4 Rae8 25. Rxe8 Bxe8 26. Qf2 Ne6 27. Ne2 f4 28. bxc6 bxc6 29. Bf5 Bg6 30. Bxg6 Qxg6 31. Re1 Qf6 32. Rb1 Rf7 33. Rb8+ Kg7 34. Qg1 Re7 35. Qd1 Nf8 36. Qd3 Qe6 37. Kf1 Ng6 38. Rd8 Rd7 39. Rxd7+ Qxd7 40. Qb3 Qc8 41. a5 Ne7 42. Kf2 Ng8 43. Nc3 Nf6 44. Na2 Nd7 45. Nb4 Nb8 46. Qa4 Qb7 47. a6 Qc7 48. Qc2 Qa5 49. Nd3 Nd7 50. Ne5 Nxe5 51. dxe5 Qxa6 52. e6 Qc4 53. Qb2+ Kg6 54. Qb1+ Kg7 55. Qb7+ Kh8 56. Qc8+ Kh7 57. Qd7+ Kh8 58. Qe8+ Kh7 59. Qf7+ Kh8 1/2-1/2